| 000 | 00974nam a2200229Ia 4500 | ||
|---|---|---|---|
| 003 | IN-BaIIA | ||
| 008 | 211028s9999 xx 000 0 eng d | ||
| 020 | _a0-521-41295-1 | ||
| 040 | _cIIA Library | ||
| 080 |
_a524.74(082.2) _bVAR |
||
| 111 |
_aConference on Variability of Active Galactic Nuclei _cGeorgia _d1990 May 2-4 _917590 |
||
| 245 | 0 |
_aVariability of active galactic nuclei _bproceedings of a conference on variability of active galactic nuclei, held in Georgia State University, May 2-4, 1990 _cedited by H. Richard Miller and Paul J. Wiita |
|
| 260 |
_aCambridge _bCambridge University Press _c1991 |
||
| 300 | _axiii, 387p. | ||
| 650 |
_aActive galactic nuclei _96209 |
||
| 650 | _aAstronomy and astrophysics thesaurus | ||
| 650 |
_aGalactic nuclei _93453 |
||
| 700 |
_aMiller, H. Richard, ed. _917591 |
||
| 700 |
_aWiita, Paul J., ed. _917592 |
||
| 710 |
_aNational Science foundation _96334 |
||
| 942 | _cBK | ||
| 999 |
_c10352 _d10352 |
||